| 000 | 00425nam a2200181Ia 4500 | ||
|---|---|---|---|
| 001 | 7401 | ||
| 005 | 20260306160452.0 | ||
| 008 | 260306t1983||||xx |||||||||||||| ||spa|| | ||
| 041 | _aESP | ||
| 082 |
_a338.91 _bB28 |
||
| 100 |
_aBauer, P. T. _eAUT |
||
| 245 | 0 | _aCrítica de la teoría del desarrollo | |
| 260 | _c1983 | ||
| 300 |
_a510 páginas : _c20 cm. |
||
| 650 | _aGEN | ||
| 654 | _aCAN | ||
| 942 |
_cLIB _dJUS _fJUS _2ddc _n |
||
| 999 |
_c7401 _d7401 |
||